000 00882nam a2200277 4500
001 46585
003 BD-RjUL
005 20211209054156.0
008 160803s1968 pk k 000 0 eng
035 _a(BD-RjUL)46704
040 _aDLC
_cDLC
_dDLC
_beng
041 _aeng
082 0 0 _a347.2
_223
_bCHB 1968
100 1 _aChowdhury, Obaidul Huq.
_9141373
245 1 4 _aThe Bengal public demands recovery act (III of 1913) /
_cObaidul Huq Chowdhury.
250 _a1st ed.
260 _aDacca,
_bDacca Law Reports [Off.]
_c1968.
300 _axxv, 300 p.
_bforms.
_c25 cm.
350 _a15.00
500 _aindex
650 0 _aForeclosure
_zIndia
_zBengal.
_9142044
650 0 _aMortgages
_zIndia
_zBengal.
_9142045
710 1 2 _aBengal (India).
_kLaws, statutes, etc.
_tBengal public demands recovery act, 1913. 1968.
_9142046
942 _2ddc
_cBK
999 _c46585
_d46585